000 00490cam a2200145 4500500
005 20251012011448.0
041 _afre
042 _adc
100 1 0 _aBrenders, Pauline
_eauthor
245 0 0 _aMatière à penser / décembre 2015 – janvier 2016
260 _c2015.
500 _a30
786 0 _nPhilosophie magazine | 95 | 12-1 | 2015-12-01 | p. 13-14 | 1951-1787
856 4 1 _uhttps://shs.cairn.info/magazine-philosophie-magazine-2015-12-1-page-13?lang=fr&redirect-ssocas=7080
999 _c1523153
_d1523153